000 00480nam a2200169Ia 4500
003 OSt
005 20201228112415.0
008 190216s9999||||xx |||||||||||||| ||und||
040 _coclc
082 _a894.8129
_bGAF/O
100 _aGafoor, Fathima
_97885
245 0 _aOrmayilennum /
_cFathima Gafoor
260 _bFathima Gafoor Blocks,
_aCalicut:
_c1988.
300 _a237p
650 _aOormakurip
942 _cBK
_2ddc
_h894.8129
_iGAF/O
_k894.8129
_mGAF/O
999 _c26439
_d26439